La cueva de Covadonga (Record no. 102296)

MARC details
000 -LEADER
campo de control de longitud fija 00686nam a2200193 i 4500
001 - NÚMERO DE CONTROL
campo de control 102296
003 - IDENTIFICADOR DE NÚMERO DE CONTROL
campo de control ES-MaACL
005 - FECHA Y HORA DE LA ÚLTIMA TRANSACCIÓN
campo de control 20230906183059.0
007 - CAMPO FIJO DE DESCRIPCIÓN FÍSICA--INFORMACIÓN GENERAL
campo de control de longitud fija t|
008 - DATOS DE LONGITUD FIJA--INFORMACIÓN GENERAL
campo de control de longitud fija 051108s1956 sp ||||1| spa d
100 1# - ENTRADA PRINCIPAL--NOMBRE DE PERSONA
Nombre de persona Menéndez Pidal y Alvárez, Luis.
9 (RLIN) 80317
245 13 - MENCIÓN DEL TÍTULO
Título La cueva de Covadonga
Resto del título : Santuario de Nuestra Señora la Virgen María /
Mención de responsabilidad, etc. Luis Menéndez Pidal y Alvárez.
260 ## - PUBLICACIÓN, DISTRIBUCIÓN, ETC.
Lugar de publicación, distribución, etc. Madrid :
Nombre del editor, distribuidor, etc. Espasa-Calpe,
Fecha de publicación, distribución, etc. 1956.
300 ## - DESCRIPCIÓN FÍSICA
Extensión 280 p., 4 lám. :
Otras características físicas il. ;
Dimensiones 27 cm.
610 14 - PUNTO DE ACCESO ADICIONAL DE MATERIA--NOMBRE DE ENTIDAD CORPORATIVA
Nombre de entidad corporativa o nombre de jurisdicción como elemento de entrada Santuario de Nuestra Señora de Covadonga-
Subdivisión general Historia.
9 (RLIN) 134842
650 #4 - PUNTO DE ACCESO ADICIONAL DE MATERIA--TÉRMINO DE MATERIA
Término de materia o nombre geográfico como elemento de entrada Virgen de Covadonga.
9 (RLIN) 159010
852 ## - LOCALIZACIÓN
Ubicación ES-MaACL
Número de control de estantería C-8593
Sublocalización o colección R.38722
852 ## - LOCALIZACIÓN
Ubicación ES-MaACL
Número de control de estantería C-15356
Sublocalización o colección R.43606
Holdings
Estatus retirado Estado de pérdida Estado de daño No para préstamo Biblioteca de origen Biblioteca actual Ubicación en estantería Fecha de adquisición Fuente de adquisición Total de préstamos Signatura topográfica completa Código de barras Visto por última vez Precio de reemplazo Tipo de ítem Koha
        Biblioteca del Ateneo de Madrid Biblioteca del Ateneo de Madrid Ficheros 17/01/2008     C-15356 1106783 23/02/2023 23/02/2023 Libro impreso
        Biblioteca del Ateneo de Madrid Biblioteca del Ateneo de Madrid Sala Palomar 17/01/2008     C-8593 1106782 23/02/2023 23/02/2023 Libro impreso